Statistiques concernant Ligne 4 du métro de Paris

Cliquez ici pour prendre le quiz!

Statistiques générales

  • Ce quiz a été pris 1 167 fois
  • Le résultat moyen est 20 sur 27

Statistiques - réponses

#Réponse% Correct
13Châtelet
93%
12Les Halles
89%
1Porte de Clignancourt
87%
7Gare de l'Est
85%
6Gare du Nord
85%
20Montparnasse - Bienvenüe
85%
14Cité
83%
16Odéon
82%
15Saint-Michel
80%
18Saint-Sulpice
80%
8Château d'Eau
79%
19Saint-Placide
78%
27Mairie de Montrouge
76%
17Saint-Germain-des-Prés
75%
25Alésia
74%
10Réaumur - Sébastopol
74%
23Denfert-Rochereau
72%
9Strasbourg - Saint-Denis
72%
4Château Rouge
71%
26Porte d'Orléans
71%
5Barbès - Rochechouart
70%
11Étienne Marcel
67%
22Raspail
67%
21Vavin
67%
2Simplon
61%
3Marcadet - Poissonniers
60%
24Mouton-Duvernet
57%

Distribution des résultats

Percentile par nombre de réponses

% des personnes avec chaque résultat

Votre développement - résultats

Vous n’avez pas pris ce quiz